[Event "VII Festival Magistrale"]
[Site "Marostica ITA"]
[Date "1997.09.??"]
[Round "3"]
[White "Astengo, Marcello"]
[Black "Ventura, Boris"]
[Result "1-0"]
[WhiteElo "2040"]
[BlackElo "2125"]
[PlyCount "85"]
[EventDate "1997.09.07"]

1. d4 Nf6 2. c4 c5 3. d5 e5 4. Nc3 d6 5. e4 Be7 6. Bd3 Nbd7 7. f4 exf4 8. Bxf4
Nf8 9. e5 dxe5 10. Bxe5 Bd6 11. Bxd6 Qxd6 12. Qe2+ Qe7 13. Qxe7+ Kxe7 14. O-O-O
Bg4 15. Re1+ Kd8 16. h3 Bh5 17. Nb5 Bg6 18. Bxg6 Nxg6 19. Nd6 Kc7 20. Nxf7 Rhe8
21. Nf3 Ne4 22. Re3 Nd6 23. Rxe8 Rxe8 24. Nxd6 Kxd6 25. Re1 Rxe1+ 26. Nxe1 Ne5
27. b3 b5 28. Nf3 Nd3+ 29. Kd2 bxc4 30. bxc4 Nb2 31. Kc3 Nd1+ 32. Kb3 Ne3 33.
g4 Nd1 34. Ng5 Nf2 35. Ka4 h6 36. Ne6 Nxh3 37. Nxg7 Ng5 38. Nf5+ Ke5 39. Nxh6
Ne4 40. Kb5 Kd4 41. Nf5+ Ke5 42. Kc6 Nf2 43. d6 1-0

[Event "VII Festival Magistrale"]
[Site "Marostica ITA"]
[Date "1997.09.??"]
[Round "3"]
[White "Belotti, Bruno"]
[Black "Cacco, Christian"]
[Result "1-0"]
[WhiteElo "2410"]
[BlackElo "2175"]
[PlyCount "35"]
[EventDate "1997.09.07"]

1. e4 e5 2. f4 exf4 3. Nf3 d6 4. Bc4 Nc6 5. d4 g5 6. h4 g4 7. Ng5 Nh6 8. Bxf4
Bg7 9. Be3 Ne7 10. Nc3 c6 11. Qd2 b5 12. Bb3 a5 13. a3 Ba6 14. Bxf7+ Nxf7 15.
Ne6 Qd7 16. Nxg7+ Kd8 17. O-O Rf8 18. d5 1-0

[Event "VII Festival Magistrale"]
[Site "Marostica ITA"]
[Date "1997.09.??"]
[Round "3"]
[White "Carli, Carlo"]
[Black "Lapiccirella, Mattia"]
[Result "1/2-1/2"]
[WhiteElo "2003"]
[BlackElo "1930"]
[PlyCount "51"]
[EventDate "1997.09.07"]

1. d4 Nf6 2. Nf3 g6 3. Bg5 Bg7 4. Nbd2 O-O 5. e4 d6 6. Bd3 c5 7. dxc5 dxc5 8.
O-O Nc6 9. Re1 Qc7 10. a4 b6 11. Nc4 Rd8 12. c3 Ba6 13. Qc2 Rd7 14. Bf1 h6 15.
Bh4 Nh5 16. Rad1 Rad8 17. Ne3 Rxd1 18. Rxd1 Rxd1 19. Qxd1 Bxf1 20. Kxf1 Nf6 21.
Bg3 Qd7 22. Qxd7 Nxd7 23. Ke2 a6 24. Nd5 b5 25. axb5 axb5 26. Nd2 1/2-1/2

[Event "VII Festival Magistrale"]
[Site "Marostica ITA"]
[Date "1997.09.??"]
[Round "3"]
[White "De Bortoli, Peter"]
[Black "Quinn, Mark Peter"]
[Result "1-0"]
[WhiteElo "2085"]
[BlackElo "2375"]
[PlyCount "89"]
[EventDate "1997.09.07"]

1. e4 c5 2. Nf3 Nc6 3. d4 cxd4 4. Nxd4 e5 5. Nb5 d6 6. N1c3 a6 7. Na3 b5 8. Nd5
Nge7 9. Nxe7 Bxe7 10. c3 Be6 11. Nc2 d5 12. exd5 Qxd5 13. Qxd5 Bxd5 14. Ne3 Be6
15. Bd3 O-O 16. Bf5 Bxf5 17. Nxf5 Bc5 18. Be3 Bxe3 19. Nxe3 f5 20. O-O-O e4 21.
Rd5 f4 22. Nc2 Rae8 23. Re1 Ne5 24. Nb4 f3 25. gxf3 Nxf3 26. Re2 Rf6 27. Nd3
Nxh2 28. Nc5 Ng4 29. Rxe4 Rxe4 30. Nxe4 Rf8 31. Rd2 h5 32. Kd1 Rf4 33. Rd8+ Kf7
34. f3 Rxf3 35. Ng5+ Ke7 36. Ra8 Rf5 37. Ra7+ Kf6 38. Ne4+ Kg6 39. Rxa6+ Nf6
40. Nxf6 gxf6 41. a4 h4 42. axb5 h3 43. Ke2 Rxb5 44. b4 Rg5 45. Kf3 1-0

[Event "VII Festival Magistrale"]
[Site "Marostica ITA"]
[Date "1997.09.??"]
[Round "3"]
[White "De Vita, Gianni"]
[Black "Danieli, Enrico"]
[Result "0-1"]
[WhiteElo "2155"]
[BlackElo "1963"]
[PlyCount "68"]
[EventDate "1997.09.07"]

1. e4 d6 2. d4 g6 3. Nc3 Bg7 4. Nf3 Nf6 5. Be2 O-O 6. Bg5 h6 7. Bf4 c5 8. d5 b5
9. Bxb5 Qb6 10. Nd2 Nh5 11. Be3 Bxc3 12. bxc3 Qxb5 13. c4 Qa4 14. Bxh6 Re8 15.
O-O Nd7 16. f4 Nhf6 17. Rf3 Nb6 18. Rc3 Ba6 19. e5 Nfxd5 20. cxd5 Qd4+ 21. Kh1
Qxc3 22. e6 fxe6 23. dxe6 Qf6 24. Qe1 Bb7 25. Rb1 Rab8 26. Rb3 Bd5 27. Re3 Nc4
28. Nxc4 Bxc4 29. h3 Rb2 30. Rg3 Bxe6 31. Qe4 Bf5 32. Qd5+ Qf7 33. Qd2 Rxc2 34.
Qa5 Rxa2 0-1

[Event "VII Festival Magistrale"]
[Site "Marostica ITA"]
[Date "1997.09.??"]
[Round "3"]
[White "Ferraro, Francesco"]
[Black "Safranska, Anda"]
[Result "0-1"]
[WhiteElo "2060"]
[BlackElo "2270"]
[PlyCount "136"]
[EventDate "1997.09.07"]

1. d4 Nf6 2. Nf3 g6 3. Bf4 Bg7 4. e3 c5 5. c3 cxd4 6. exd4 O-O 7. Bd3 d6 8. O-O
Nc6 9. Re1 Nh5 10. Bg5 h6 11. Be3 e5 12. Na3 f5 13. dxe5 dxe5 14. Bc4+ Kh7 15.
Qxd8 Rxd8 16. Rad1 Rxd1 17. Rxd1 e4 18. Nd4 Ne5 19. Be2 Nf6 20. Nc4 Nfg4 21.
Bc1 Nxc4 22. Bxc4 Ne5 23. Be2 Bd7 24. Be3 a6 25. Nc2 Be6 26. b3 Re8 27. c4 g5
28. Nb4 f4 29. Bc1 Bf5 30. Nd5 Nd3 31. Bd2 Kg6 32. Bc3 Bxc3 33. Nxc3 Ne5 34.
Rd6+ Kg7 35. Nd5 Nf7 36. Rb6 Bc8 37. Bh5 Re6 38. Kf1 Ne5 39. Bd1 Rxb6 40. Nxb6
Bf5 41. Bc2 Ng4 42. h3 Nxf2 43. Nd5 Nh1 44. c5 Ng3+ 45. Ke1 Kf7 46. b4 Ke6 47.
Bb3 Ke5 48. Nb6 Be6 49. Bxe6 Kxe6 50. Nc4 Kd7 51. Ne5+ Kc7 52. Nf7 Nf5 53. Ne5
Ne3 54. Kf2 Nc2 55. Nf7 Nxb4 56. Nxh6 Nd3+ 57. Ke2 Nxc5 58. Nf7 Ne6 59. Ne5 Kd6
60. Ng4 Kd5 61. Kd2 Kd4 62. Kc2 e3 63. Nh2 b5 64. Nf3+ Ke4 65. Kc3 a5 66. Ne1
Nd4 67. a3 f3 68. gxf3+ Nxf3 0-1

[Event "VII Festival Magistrale"]
[Site "Marostica ITA"]
[Date "1997.09.??"]
[Round "3"]
[White "Gallo, Enrico"]
[Black "Pegoraro, Nicola"]
[Result "1-0"]
[WhiteElo "2225"]
[BlackElo "2115"]
[PlyCount "87"]
[EventDate "1997.09.07"]

1. e4 c5 2. Nf3 d6 3. d4 cxd4 4. Nxd4 Nf6 5. Nc3 g6 6. Be3 Bg7 7. Be2 O-O 8.
O-O Nc6 9. h3 Nxd4 10. Bxd4 Be6 11. f4 Qc8 12. Bf3 Rd8 13. Rf2 d5 14. e5 Ne8
15. Rd2 Qc6 16. Bf2 Nc7 17. Ne2 Qe8 18. Nd4 Bh6 19. Bg3 Rd7 20. Qe2 Rad8 21.
Rad1 Bf5 22. Bh2 Ne6 23. g4 Nxd4 24. Rxd4 Be6 25. Qg2 Kh8 26. b3 f5 27. Bxd5
Bxd5 28. Rxd5 Rxd5 29. Rxd5 Rxd5 30. Qxd5 fxg4 31. hxg4 Qf8 32. g5 Bg7 33. c4
Qc8 34. e6 h6 35. Bg3 b6 36. Bf2 hxg5 37. fxg5 Bf8 38. Qd7 Qb8 39. Kg2 Kg8 40.
Qd3 Qe8 41. Bg3 Bg7 42. Qd5 Bb2 43. b4 Ba3 44. c5 1-0

[Event "VII Festival Magistrale"]
[Site "Marostica ITA"]
[Date "1997.09.??"]
[Round "3"]
[White "Guido, Flavio"]
[Black "Bracaglia, Carlo"]
[Result "1-0"]
[WhiteElo "2335"]
[BlackElo "2080"]
[PlyCount "159"]
[EventDate "1997.09.07"]

1. e4 e5 2. Nf3 d6 3. d4 exd4 4. Nxd4 Nf6 5. Nc3 Be7 6. Bf4 O-O 7. Qd2 a6 8.
O-O-O d5 9. exd5 Nxd5 10. Nxd5 Qxd5 11. Nb3 Qc6 12. Be2 Qa4 13. Kb1 Nc6 14. Bg5
Bxg5 15. Qxg5 Be6 16. Nc1 Nb4 17. b3 Qa3 18. Qe5 c5 19. Qb2 Qa5 20. Qc3 Rfc8
21. Bc4 Bf5 22. Bd3 Bxd3 23. Rxd3 Qb5 24. Rg3 g6 25. Nd3 Nd5 26. Qb2 c4 27. Ne5
c3 28. Qc1 Nf6 29. Qf4 Re8 30. Qxf6 Rxe5 31. Rxc3 Rae8 32. Rd1 Qa5 33. Kb2 Rf5
34. Qd4 b5 35. a3 Rfe5 36. Rd2 Re4 37. Qd6 R4e6 38. Qd4 Re4 39. Qd6 R4e6 40.
Qc7 Qxc7 41. Rxc7 h5 42. h4 Rf6 43. Rcd7 Ree6 44. g3 Rc6 45. Re7 Rf3 46. Ree2
Kg7 47. Rd3 Rf5 48. f4 Rfc5 49. c3 Kf6 50. Ree3 Kf5 51. a4 bxa4 52. b4 Rc4 53.
Rd5+ Kf6 54. Ra5 Rd6 55. Rxa4 Rcc6 56. Ra5 Rd2+ 57. Kb3 Rd1 58. Rc5 Rb6 59. Rc7
a5 60. Kc2 Ra1 61. Ra7 Rb5 62. Rxa5 Rbxa5 63. bxa5 Rxa5 64. c4 Kf5 65. Kb3 f6
66. Kb4 Ra1 67. c5 Rc1 68. Kb5 Rb1+ 69. Ka6 Ra1+ 70. Kb7 Rb1+ 71. Kc7 Kg4 72.
c6 g5 73. fxg5 fxg5 74. hxg5 Kxg5 75. Kd8 Rd1+ 76. Kc8 Kg4 77. c7 Rg1 78. Rc3
Rxg3 79. Rxg3+ Kxg3 80. Kd7 1-0

[Event "VII Festival Magistrale"]
[Site "Marostica ITA"]
[Date "1997.09.??"]
[Round "3"]
[White "Lazarev, Vladimir"]
[Black "Everet, Alexandro"]
[Result "1-0"]
[WhiteElo "2500"]
[BlackElo "2225"]
[PlyCount "169"]
[EventDate "1997.09.07"]

1. d4 g6 2. c4 Bg7 3. e4 d6 4. Nc3 Nf6 5. h3 O-O 6. Bg5 Nbd7 7. Nf3 h6 8. Be3
e5 9. d5 b6 10. g4 Nc5 11. Nd2 a5 12. Qf3 Nh7 13. Qg3 Kh8 14. Rg1 Qe7 15. Nf3
Bd7 16. O-O-O Rg8 17. Be2 Nf8 18. Kb1 f5 19. gxf5 gxf5 20. Bxh6 fxe4 21. Nd2
Bf5 22. Bg5 Qf7 23. Qe3 Nh7 24. h4 Bf6 25. Ndxe4 Rg7 26. f3 Rag8 27. Bxf6 Qxf6
28. Bd3 Nxe4 29. fxe4 Bg4 30. Rdf1 Qxh4 31. Rh1 Qg5 32. Qf2 Bh5 33. Be2 Rf7 34.
Qh2 Rxf1+ 35. Bxf1 Rf8 36. Bh3 Bg6 37. Rg1 Qh6 38. Qg2 Rg8 39. Bf5 Bf7 40. Qf2
Rxg1+ 41. Qxg1 Be8 42. a3 Qg5 43. Qh1 Bg6 44. Bxg6 Qxg6 45. Qh3 Kg7 46. Ka2 Nf6
47. Qe6 Qf7 48. Qc8 Ne8 49. Kb3 Kf8 50. Ka4 Qf2 51. b3 Qf3 52. Nb5 Qf7 53. Na7
Qf3 54. Nb5 Qf7 55. Qh3 Kg7 56. Nc3 Nf6 57. b4 axb4 58. axb4 Qe8+ 59. Kb3 Qg6
60. Qc8 Qf7 61. Ka4 Qe8+ 62. Qxe8 Nxe8 63. Kb5 Kf6 64. Kc6 Ke7 65. Nb5 Kd8 66.
Nxc7 Nxc7 67. Kxb6 Ne8 68. Kc6 Kc8 69. b5 Nf6 70. Kxd6 Nxe4+ 71. Kxe5 Nc5 72.
Kd6 Nb7+ 73. Kc6 Na5+ 74. Kc5 Kc7 75. Kb4 Nb7 76. c5 Nd8 77. b6+ Kb7 78. Kb5
Nf7 79. c6+ Kb8 80. Kc5 Ne5 81. d6 Nd3+ 82. Kb5 Ne5 83. d7 Nf7 84. c7+ Kb7 85.
c8=Q# 1-0

[Event "VII Festival Magistrale"]
[Site "Marostica ITA"]
[Date "1997.09.??"]
[Round "3"]
[White "Lucaroni, Massimiliano"]
[Black "Torelli, Mirco"]
[Result "1-0"]
[WhiteElo "2280"]
[BlackElo "1947"]
[PlyCount "83"]
[EventDate "1997.09.07"]

1. e4 c5 2. Nc3 e6 3. Nf3 d6 4. d4 cxd4 5. Nxd4 Nf6 6. Be2 Be7 7. O-O Nc6 8.
Be3 O-O 9. f4 e5 10. Nb3 exf4 11. Bxf4 Be6 12. Kh1 d5 13. e5 Nd7 14. Nxd5 Ndxe5
15. Nxe7+ Qxe7 16. Na5 Rad8 17. Qe1 Rd5 18. Nxc6 Nxc6 19. Qg3 Kh8 20. Rae1 Qc5
21. Bf3 Rd7 22. Be4 f5 23. Be3 Qd6 24. Qxd6 Rxd6 25. Bc5 Rfd8 26. Bxd6 fxe4 27.
Bc7 Rc8 28. Bg3 h6 29. Rxe4 Bd5 30. Ref4 Bxa2 31. b3 Ne7 32. Rf7 Nd5 33. Be5
Nf6 34. Rxb7 Rxc2 35. Bxf6 gxf6 36. Rd1 Rc8 37. h3 a5 38. Kh2 Kg8 39. Kg3 Kf8
40. Kf4 Ke8 41. Rd6 Rc3 42. Ra6 1-0

[Event "VII Festival Magistrale"]
[Site "Marostica ITA"]
[Date "1997.09.??"]
[Round "3"]
[White "Micheli, Carlo"]
[Black "Mrdja, Milan"]
[Result "1-0"]
[WhiteElo "2295"]
[BlackElo "2390"]
[PlyCount "61"]
[EventDate "1997.09.07"]

1. c4 Nf6 2. g3 g6 3. Bg2 Bg7 4. Nc3 O-O 5. e4 d6 6. Nge2 c5 7. O-O Nc6 8. d3
a6 9. h3 Ne8 10. f4 f5 11. Rb1 Nc7 12. a3 Rb8 13. b4 Nd4 14. Be3 e5 15. Qd2
Nce6 16. Nd5 exf4 17. Nexf4 b5 18. bxc5 Nxc5 19. cxb5 axb5 20. exf5 Bxf5 21.
Nb4 Kh8 22. g4 Bd7 23. Nfd5 Qa5 24. Bh6 Nce6 25. Bxg7+ Kxg7 26. Qb2 Ra8 27. Nf4
Rxf4 28. Rxf4 Qxa3 29. Qf2 Qa7 30. Rf7+ Kg8 31. Rxd7 1-0

[Event "VII Festival Magistrale"]
[Site "Marostica ITA"]
[Date "1997.09.??"]
[Round "3"]
[White "Passerotti, Pierluigi"]
[Black "Vincenzi, Riccardo"]
[Result "1-0"]
[WhiteElo "2310"]
[BlackElo "1900"]
[PlyCount "91"]
[EventDate "1997.09.07"]

1. d4 g6 2. e4 Bg7 3. Nf3 d6 4. Nc3 Nf6 5. Be2 O-O 6. O-O e5 7. Re1 Nbd7 8. h3
c6 9. Bg5 h6 10. Be3 Qe7 11. dxe5 dxe5 12. Qc1 Kh7 13. Nd2 b5 14. Bf3 Bb7 15.
Nb3 a5 16. a4 b4 17. Nb1 Rfc8 18. N1d2 Qe6 19. Be2 Ba6 20. Bxa6 Rxa6 21. Nc5
Nxc5 22. Bxc5 Nd7 23. Nb3 Bf8 24. Qe3 Qc4 25. Bxf8 Nxf8 26. Qc5 Qxc5 27. Nxc5
Ra7 28. Rad1 Kg7 29. Rd6 Rcc7 30. Red1 Ra8 31. Kf1 Rac8 32. Ke2 Re7 33. Kd3 Ne6
34. Nxe6+ Rxe6 35. Rxe6 Rd8+ 36. Ke2 Rxd1 37. Rxg6+ Kxg6 38. Kxd1 f5 39. exf5+
Kxf5 40. Ke2 Ke4 41. c3 c5 42. f3+ Kf4 43. Kf2 bxc3 44. bxc3 c4 45. g3+ Kf5 46.
Ke3 1-0

[Event "VII Festival Magistrale"]
[Site "Marostica ITA"]
[Date "1997.09.??"]
[Round "3"]
[White "Ricca, Roberto"]
[Black "Di Lazzaro, Gabriele"]
[Result "1-0"]
[WhiteElo "2145"]
[BlackElo "2030"]
[PlyCount "59"]
[EventDate "1997.09.07"]

1. f4 d5 2. Nf3 g6 3. g3 Bg7 4. Bg2 c5 5. O-O Nf6 6. d3 O-O 7. Qe1 Nc6 8. c3
Qc7 9. Na3 a6 10. e4 dxe4 11. dxe4 b5 12. e5 Ng4 13. h3 Nh6 14. Be3 c4 15. g4
Bb7 16. Qh4 Kh8 17. f5 Ng8 18. Ng5 h6 19. f6 exf6 20. exf6 Bxf6 21. Rxf6 Rae8
22. Bc5 Qe5 23. Bxf8 Rxf8 24. Nxf7+ Rxf7 25. Rxf7 Bc8 26. Qf2 Nd8 27. Re1 Qd6
28. Rf8 Kg7 29. Ree8 Qd1+ 30. Qf1 1-0

[Event "VII Festival Magistrale"]
[Site "Marostica ITA"]
[Date "1997.09.??"]
[Round "3"]
[White "Rosino, Antonio"]
[Black "Ortega, Lexy"]
[Result "0-1"]
[WhiteElo "2265"]
[BlackElo "2470"]
[PlyCount "60"]
[EventDate "1997.09.07"]

1. e4 c5 2. c3 d5 3. exd5 Qxd5 4. d4 Nf6 5. Nf3 Bg4 6. Qa4+ Bd7 7. Qc4 cxd4 8.
cxd4 Nc6 9. Nc3 Qxc4 10. Bxc4 Rc8 11. Bb3 e6 12. O-O Na5 13. Bc2 Bb4 14. Bd2
Nc4 15. Bb3 Nxd2 16. Nxd2 Bxc3 17. bxc3 Rxc3 18. Rac1 Rxc1 19. Rxc1 Ke7 20. Rc7
Rb8 21. f3 Kd8 22. Rc5 Rc8 23. Rg5 g6 24. Ra5 a6 25. Nc4 Ke7 26. Ne5 Bb5 27.
Kf2 Rc3 28. g4 g5 29. Ke1 b6 30. Ra3 Nd5 0-1

[Event "VII Festival Magistrale"]
[Site "Marostica ITA"]
[Date "1997.09.??"]
[Round "4"]
[White "Borgo, Giulio"]
[Black "Drei, Andrea"]
[Result "1-0"]
[WhiteElo "2370"]
[BlackElo "2345"]
[PlyCount "57"]
[EventDate "1997.09.07"]

1. e4 c5 2. Nf3 e6 3. c4 Nc6 4. Nc3 e5 5. g3 d6 6. h3 g6 7. d3 Bg7 8. Be3 Nge7
9. Qd2 O-O 10. Bg2 f5 11. Bg5 Be6 12. exf5 gxf5 13. Bh6 Nd4 14. O-O-O a6 15.
Bxg7 Kxg7 16. Ng5 Bg8 17. f4 e4 18. dxe4 Bxc4 19. Kb1 b5 20. b3 b4 21. Na4 Bb5
22. Qb2 Rf6 23. e5 dxe5 24. Nxc5 Qc8 25. fxe5 Rg6 26. Qxd4 Bc6 27. e6+ Kg8 28.
Bxc6 Qxc6 29. Nf7 1-0

[Event "VII Festival Magistrale"]
[Site "Marostica ITA"]
[Date "1997.09.??"]
[Round "4"]
[White "Bracaglia, Carlo"]
[Black "Vincenzi, Riccardo"]
[Result "1-0"]
[WhiteElo "2080"]
[BlackElo "1900"]
[PlyCount "41"]
[EventDate "1997.09.07"]

1. e4 e6 2. d4 d5 3. e5 c5 4. c3 Nc6 5. Nf3 Qb6 6. Bd3 Bd7 7. dxc5 Bxc5 8. O-O
Qc7 9. Re1 h6 10. b4 Bf8 11. Qe2 Nge7 12. Na3 a6 13. b5 Na7 14. bxa6 bxa6 15.
Rb1 Nec6 16. Bxa6 Bc5 17. Nc2 Qa5 18. Be3 O-O 19. Ncd4 Rab8 20. Nb3 Rxb3 21.
Rxb3 1-0

[Event "VII Festival Magistrale"]
[Site "Marostica ITA"]
[Date "1997.09.??"]
[Round "4"]
[White "Cacco, Christian"]
[Black "Lazarev, Vladimir"]
[Result "0-1"]
[WhiteElo "2175"]
[BlackElo "2500"]
[PlyCount "116"]
[EventDate "1997.09.07"]

1. d4 Nf6 2. Nf3 c5 3. c3 Qc7 4. Nbd2 g6 5. e4 d6 6. Bd3 Bg7 7. O-O O-O 8. h3
a6 9. Re1 e5 10. a4 exd4 11. cxd4 cxd4 12. Nxd4 Nc6 13. N2f3 Ne5 14. Be3 Bd7
15. Qb3 Nxf3+ 16. Nxf3 Be6 17. Qb4 d5 18. e5 Nd7 19. Bd4 Rfc8 20. Qd2 Qd8 21.
Rec1 Bf8 22. a5 Be7 23. b4 Qf8 24. Rxc8 Rxc8 25. Rb1 Rc7 26. Kh2 Qc8 27. Rb3
Qf8 28. Rb1 Nb8 29. Bb6 Rc8 30. Nd4 Nd7 31. Nxe6 fxe6 32. Bd4 Nb8 33. b5 axb5
34. Bxb5 Rc7 35. Bb6 Rc8 36. Bd4 Bd8 37. Ba7 Qf5 38. Re1 Nc6 39. Bxc6 Rxc6 40.
Qb4 Qf7 41. Re3 Rc4 42. Qd6 Bc7 43. Qa3 Qxf2 44. Rf3 Bxe5+ 45. Kh1 Qe1+ 46. Bg1
Qb4 47. Qe3 Qd6 48. Qa7 Qb8 49. Qb6 Rc6 50. Qb4 Bd6 51. Qh4 Rc1 52. Qf6 Qe8 53.
Qb2 Re1 54. Qb6 Qe7 55. Rc3 Qd7 56. Qa7 Qf7 57. Rc8+ Kg7 58. Qb6 Qf4 0-1

[Event "VII Festival Magistrale"]
[Site "Marostica ITA"]
[Date "1997.09.??"]
[Round "4"]
[White "Ciolac, Gheorghe"]
[Black "Contin, Daniel"]
[Result "0-1"]
[WhiteElo "2385"]
[BlackElo "2325"]
[PlyCount "62"]
[EventDate "1997.09.07"]

1. e4 e6 2. d4 d5 3. Nc3 Bb4 4. exd5 exd5 5. a3 Be7 6. Bf4 c6 7. Qd2 Nf6 8.
O-O-O O-O 9. f3 b5 10. Bd3 a5 11. Nge2 Nbd7 12. g4 Nb6 13. g5 Nh5 14. Be3 b4
15. Nb1 Nc4 16. Bxc4 dxc4 17. Ng3 c3 18. Qd3 Ba6 19. Qe4 Re8 20. Nxh5 cxb2+ 21.
Kxb2 bxa3+ 22. Ka1 Qb6 23. Bc1 Rab8 24. Nc3 Bb4 25. Na4 Qb5 26. Nf6+ gxf6 27.
Qxe8+ Rxe8 28. gxf6 Qxa4 29. Rhg1+ Kh8 30. Rg8+ Kxg8 31. Rg1+ Kh8 0-1

[Event "VII Festival Magistrale"]
[Site "Marostica ITA"]
[Date "1997.09.??"]
[Round "4"]
[White "Danieli, Enrico"]
[Black "Farago, Ivan"]
[Result "0-1"]
[WhiteElo "1963"]
[BlackElo "2445"]
[PlyCount "48"]
[EventDate "1997.09.07"]

1. Nf3 Nf6 2. d4 e6 3. e3 c5 4. Bd3 b6 5. O-O Bb7 6. b3 Be7 7. Bb2 O-O 8. c4
cxd4 9. exd4 d5 10. Nc3 Nbd7 11. Qe2 Rc8 12. Ne5 Re8 13. f4 Nf8 14. Rad1 dxc4
15. Bxc4 Bb4 16. Rd3 Re7 17. f5 Bxc3 18. Bxc3 Be4 19. fxe6 Bxd3 20. exf7+ Kh8
21. Qxd3 Rxe5 22. Qg3 Rh5 23. d5 Rh6 24. Qe5 b5 0-1

[Event "VII Festival Magistrale"]
[Site "Marostica ITA"]
[Date "1997.09.??"]
[Round "4"]
[White "De Vita, Gianni"]
[Black "Astengo, Marcello"]
[Result "0-1"]
[WhiteElo "2155"]
[BlackElo "2040"]
[PlyCount "52"]
[EventDate "1997.09.07"]

1. e4 e6 2. d4 d5 3. exd5 exd5 4. Nf3 Bg4 5. Be2 Nf6 6. O-O Bd6 7. Re1 O-O 8.
Nbd2 Nbd7 9. Nf1 Ne4 10. Ne3 Be6 11. Bd3 f5 12. Nf1 h6 13. Re2 c6 14. N3d2 Qh4
15. f3 Ndf6 16. Qe1 Qh5 17. c3 Bd7 18. Bc2 Ng5 19. Ng3 Qg6 20. Ndf1 Nh5 21. Bd2
Nf4 22. Bxf4 Bxf4 23. Re7 Rae8 24. Qe2 h5 25. Rxe8 Rxe8 26. h4 Rxe2 0-1

[Event "VII Festival Magistrale"]
[Site "Marostica ITA"]
[Date "1997.09.??"]
[Round "4"]
[White "Everet, Alexandro"]
[Black "Guido, Flavio"]
[Result "1/2-1/2"]
[WhiteElo "2225"]
[BlackElo "2335"]
[PlyCount "48"]
[EventDate "1997.09.07"]

1. d4 d5 2. c4 e6 3. cxd5 exd5 4. Bf4 Bd6 5. Bxd6 Qxd6 6. e3 Bf5 7. Bd3 Bg6 8.
Nf3 Nd7 9. Nc3 c6 10. O-O Ngf6 11. Rc1 Bxd3 12. Qxd3 O-O 13. h3 Rae8 14. Nd2
Nb6 15. Qc2 Re7 16. Na4 Nxa4 17. Qxa4 a6 18. Qa5 Ne8 19. Qc5 Qxc5 20. Rxc5 Nd6
21. Rc3 f5 22. Nf3 f4 23. Ne5 Ne4 24. Rc2 a5 1/2-1/2

[Event "VII Festival Magistrale"]
[Site "Marostica ITA"]
[Date "1997.09.??"]
[Round "4"]
[White "Ferraro, Francesco"]
[Black "De Bortoli, Peter"]
[Result "0-1"]
[WhiteElo "2060"]
[BlackElo "2085"]
[PlyCount "72"]
[EventDate "1997.09.07"]

1. d4 Nf6 2. Nf3 e6 3. Bf4 b6 4. e3 Bb7 5. Bd3 d6 6. Nbd2 Nbd7 7. e4 Be7 8. O-O
c5 9. c3 Qc7 10. Qe2 e5 11. dxe5 dxe5 12. Bg3 Nh5 13. Rfe1 Nxg3 14. hxg3 O-O
15. Rad1 a6 16. Nf1 g6 17. Rd2 Rfc8 18. Red1 Nf6 19. Ne1 c4 20. Bb1 b5 21. f3
Bc5+ 22. Kh1 Bc6 23. Nc2 Qe7 24. Nce3 Qf8 25. g4 Qh6+ 26. Kg1 Qg5 27. g3 h5 28.
Kg2 hxg4 29. Nxg4 Nxg4 30. fxg4 Kg7 31. Nh2 Rh8 32. Rh1 Qh6 33. Rdd1 Qh3+ 34.
Kf3 f5 35. Qg2 fxg4+ 36. Nxg4 Raf8+ 0-1

[Event "VII Festival Magistrale"]
[Site "Marostica ITA"]
[Date "1997.09.??"]
[Round "4"]
[White "Godena, Michele"]
[Black "Belotti, Bruno"]
[Result "1/2-1/2"]
[WhiteElo "2515"]
[BlackElo "2410"]
[PlyCount "43"]
[EventDate "1997.09.07"]

1. e4 c5 2. c3 d5 3. exd5 Qxd5 4. d4 Nf6 5. Nf3 Nc6 6. Be2 cxd4 7. cxd4 e6 8.
Nc3 Qd6 9. O-O Be7 10. Nb5 Qd8 11. Bf4 Nd5 12. Bg3 a6 13. Nc3 O-O 14. Rc1 Nf6
15. a3 Nh5 16. Be5 Nxe5 17. Nxe5 Nf4 18. Bf3 Bf6 19. Re1 Rb8 20. g3 Bxe5 21.
Rxe5 Ng6 22. Re1 1/2-1/2

[Event "VII Festival Magistrale"]
[Site "Marostica ITA"]
[Date "1997.09.??"]
[Round "4"]
[White "Lucaroni, Massimiliano"]
[Black "Alberton, Roberto"]
[Result "1-0"]
[WhiteElo "2280"]
[BlackElo "2190"]
[PlyCount "45"]
[EventDate "1997.09.07"]

1. e4 g6 2. d4 Bg7 3. Nf3 d6 4. Bc4 Nf6 5. Qe2 O-O 6. h3 c6 7. e5 dxe5 8. dxe5
Nd5 9. O-O b5 10. Bb3 Na6 11. c4 bxc4 12. Bxc4 Qb6 13. Nc3 Nac7 14. Na4 Qb4 15.
b3 Ne6 16. Bd2 Qb8 17. Rac1 Nef4 18. Bxf4 Nxf4 19. Qe4 Nd5 20. Rfe1 Bf5 21. Qh4
Qb4 22. Bxd5 Qxh4 23. Bxf7+ 1-0

[Event "VII Festival Magistrale"]
[Site "Marostica ITA"]
[Date "1997.09.??"]
[Round "4"]
[White "Mrdja, Milan"]
[Black "Rosino, Antonio"]
[Result "1-0"]
[WhiteElo "2390"]
[BlackElo "2265"]
[PlyCount "73"]
[EventDate "1997.09.07"]

1. e4 e5 2. Nf3 Nc6 3. Bb5 Nf6 4. d3 d6 5. c3 g6 6. d4 Bd7 7. Nbd2 Bg7 8. O-O
O-O 9. a4 a6 10. Bc4 Nh5 11. dxe5 dxe5 12. Bd5 Nf4 13. Nc4 Be6 14. Bxf4 exf4
15. Bxe6 fxe6 16. Qb3 Rb8 17. Rfe1 Qe7 18. Rad1 b5 19. axb5 axb5 20. Ncd2 b4
21. e5 Na5 22. Qa4 bxc3 23. bxc3 Qc5 24. Ne4 Qb5 25. Qa2 Rb6 26. h4 Nb3 27. h5
Ra6 28. Qc2 Na5 29. Ra1 Nc4 30. Rxa6 Qxa6 31. hxg6 hxg6 32. Qd3 Qc6 33. Neg5
Rf5 34. Qd8+ Rf8 35. Qe7 Nb6 36. Nxe6 Rf7 37. Qxf7+ 1-0

[Event "VII Festival Magistrale"]
[Site "Marostica ITA"]
[Date "1997.09.??"]
[Round "4"]
[White "Ortega, Lexy"]
[Black "Micheli, Carlo"]
[Result "1/2-1/2"]
[WhiteElo "2470"]
[BlackElo "2295"]
[PlyCount "83"]
[EventDate "1997.09.07"]

1. d4 d6 2. Nf3 Bg4 3. e4 e6 4. h3 Bh5 5. Nc3 Nf6 6. Qe2 c6 7. g4 Bg6 8. h4 h5
9. g5 Nfd7 10. d5 cxd5 11. exd5 e5 12. Bh3 Be7 13. Be3 O-O 14. O-O-O Na6 15.
Kb1 Ndc5 16. Rhg1 Qa5 17. Qb5 Bd8 18. Ne1 Ne4 19. Qxa5 Bxa5 20. Nb5 Nc7 21.
Nxc7 Bxc7 22. Nd3 Bb6 23. Bxb6 axb6 24. f4 exf4 25. Rgf1 Ng3 26. Rxf4 Ra5 27.
Rf3 Ne2 28. Re3 Bxd3 29. Rdxd3 Nf4 30. Rd4 Rxd5 31. Rxd5 Nxd5 32. Re4 Rd8 33.
a4 Kf8 34. Rd4 Nc7 35. Rb4 Na8 36. a5 d5 37. Bg2 Rd6 38. Rb5 bxa5 39. Rxb7 Nb6
40. b3 a4 41. Rb8+ Ke7 42. Rb7+ 1/2-1/2

[Event "VII Festival Magistrale"]
[Site "Marostica ITA"]
[Date "1997.09.??"]
[Round "4"]
[White "Passerotti, Pierluigi"]
[Black "Carli, Carlo"]
[Result "1-0"]
[WhiteElo "2310"]
[BlackElo "2003"]
[PlyCount "146"]
[EventDate "1997.09.07"]

1. d4 d5 2. c4 e6 3. Nc3 Nf6 4. Bg5 Be7 5. e3 O-O 6. Nf3 Nbd7 7. Qc2 h6 8. Bh4
a6 9. cxd5 exd5 10. Be2 Re8 11. O-O b5 12. Ne5 Bb7 13. Nxd7 Nxd7 14. Bxe7 Qxe7
15. Bf3 Nf6 16. Rfc1 Rac8 17. Ne2 Nd7 18. Nf4 c5 19. Qd2 Nf6 20. dxc5 Rxc5 21.
Rxc5 Qxc5 22. Rc1 Qd6 23. h3 g5 24. Ne2 Qe5 25. Qd4 Qxd4 26. Nxd4 Rc8 27. Rd1
Kf8 28. Kf1 a5 29. Ke1 b4 30. Be2 Rc7 31. f3 h5 32. Kd2 Ke7 33. Bb5 h4 34. Nb3
Nh5 35. Rc1 Rxc1 36. Kxc1 f5 37. Nxa5 Ba8 38. Bc6 Bxc6 39. Nxc6+ Kd6 40. Nxb4
f4 41. Kd2 fxe3+ 42. Kxe3 Kc5 43. Nd3+ Kc4 44. Ne5+ Kc5 45. b3 d4+ 46. Ke4 Ng3+
47. Kd3 Nh5 48. Kd2 Ng7 49. Nd3+ Kd5 50. Nf2 Ke5 51. Nd3+ Kd5 52. Nf2 Ne6 53.
Nd3 Ng7 54. f4 gxf4 55. Nxf4+ Ke4 56. Ng6 Nf5 57. a4 d3 58. a5 Ng3 59. Nxh4
Nf1+ 60. Kc3 Nh2 61. a6 Ke3 62. Nf5+ Ke2 63. a7 d2 64. Nd4+ Ke1 65. Nc2+ Ke2
66. a8=Q d1=Q 67. Qe4+ Kf2 68. Qf4+ Kg1 69. g4 Nf3 70. b4 Qd5 71. h4 Qc6+ 72.
Kb2 Qd5 73. g5 Ne5 1-0

[Event "VII Festival Magistrale"]
[Site "Marostica ITA"]
[Date "1997.09.??"]
[Round "4"]
[White "Perezzani, Stefano"]
[Black "Scavo, Fernando"]
[Result "0-1"]
[WhiteElo "1974"]
[BlackElo "2185"]
[PlyCount "30"]
[EventDate "1997.09.07"]

1. e4 e6 2. d4 d5 3. Nc3 Bb4 4. a3 Bxc3+ 5. bxc3 dxe4 6. Qg4 Nf6 7. Qxg7 Rg8 8.
Qh6 Nbd7 9. Bb2 b6 10. O-O-O Bb7 11. Qd2 Qe7 12. Nh3 O-O-O 13. Nf4 Nc5 14. h3
Na4 15. Qe3 e5 0-1